00843nam a2200193Ia 4500100003000000942000700030654001600037245004600053260002000099082001700119300000900136546001200145999001700157952009500174952009500269952009500364952009500459952009500554 aRiley/ K.F./ Hobson/M.P.  cBK amathematics aMathematical Method for Physics & Engg bCambridgec1998 a519bRIL/HOB a1008 aENGLISH c18627d18627 001040708CRCaCRCEbCRCEd2023-03-17l0o519 RIL/HOBp11155r2023-03-17w2023-03-17yBK 001040708CRCaCRCEbCRCEd2023-03-17l0o519 RIL/HOBp11156r2023-03-17w2023-03-17yBK 001040708CRCaCRCEbCRCEd2023-03-17l0o519 RIL/HOBp11157r2023-03-17w2023-03-17yBK 001040708CRCaCRCEbCRCEd2023-03-17l0o519 RIL/HOBp11158r2023-03-17w2023-03-17yBK 001040708CRCaCRCEbCRCEd2023-03-17l0o519 RIL/HOBp11159r2023-03-17w2023-03-17yBK